000 00552nam a22001577a 4500
999 _c534971
_d534971
020 _qHard Cover.
082 _a624.1
100 _aMuhammad Umar, Hafiz
245 _aPublic-private partnership in infrastucture development-an exploratory study of risk /
_cHafiz Muhammad Umar.
260 _aIslamabad:
_bNIT NUST,
_c2015.
300 _a88 p. :
_bill. ;
_c30cm.
942 _2ddc
_cTHE
650 _aConstruction Engineering and Management MS-Thesis.
_917023
700 _aDr. Hamza farooq
_927180